000 00644nam a22001937a 4500
003 BUBTL
008 230403b ||||| |||| 00| 0 eng d
082 _a346.03/ K5271l/ 2007
100 _95291
_aখান, অধ্যাপক এম ফারুক
245 _aটর্ট আইন :
_bঅধ্যাপক এম ফারুক খান
250 _a১০ম সং
260 _aঢাকা
_bডাইনামিক পাবলিকেশন্স
_cc2007
300 _a410p. :
_b21 cm.
650 _aLaw
856 _k0
_l0
_yDownload
942 _2ddc
_cBK
999 _c7020
_d7020